Tovaroznalectvo kvalita produkcie a produktov

Enregistré dans:
Détails bibliographiques
Auteur principal: Repka, Ján
Collectivité auteur: Vysoká škola ekonomická v Bratislave. Obchodná fakulta
Autres auteurs: Kollár, Vojtech, Lacková, Alica, Jaloviar, Alexander, Müller, Ladislav, Macejová, Eva, Kemény, Štefan, Karkalíková, Marta, Hlôška, Branislav, Horváthová, Zuzana, Faith, Ladislav, Mlákay, Jozef, Strmiska, František, Kačeňák, Igor
Format: Livre
Langue:slovaque
Publié: Bratislava Edičné stredisko Vysokej školy ekonomickej 1992
Sujets:
Tags: Ajouter un tag
Pas de tags, Soyez le premier à ajouter un tag!

MARC

LEADER 00000nam a2200000 4500
001 c000476
005 20260325093053.6
020 |a 80-225-0347-9 
041 0 |a slo 
044 |a SK 
245 1 0 |a Tovaroznalectvo  |b kvalita produkcie a produktov  |c Ján Repka a kolektív 
264 1 |a Bratislava  |b Edičné stredisko Vysokej školy ekonomickej  |c 1992 
300 |a 420 s. 
610 2 0 |a tovaroznalectvo 
610 2 0 |a kvalita výrobkov 
610 2 0 |a produkcia 
610 2 0 |a potraviny 
610 2 0 |a drevo 
610 2 0 |a celulóza 
610 2 0 |a látky plastické 
610 2 0 |a textil 
610 2 0 |a vlákna umelé 
610 2 0 |a vlákna prírodné 
610 2 0 |a tovar priemyselný 
100 1 |a Repka, Ján 
700 1 |a Kollár, Vojtech 
700 1 |a Lacková, Alica 
700 1 |a Jaloviar, Alexander 
700 1 |a Müller, Ladislav 
700 1 |a Macejová, Eva 
700 1 |a Kemény, Štefan 
700 1 |a Karkalíková, Marta 
700 1 |a Hlôška, Branislav 
700 1 |a Horváthová, Zuzana 
700 1 |a Faith, Ladislav 
700 1 |a Mlákay, Jozef 
700 1 |a Strmiska, František 
700 1 |a Kačeňák, Igor 
710 2 |a Vysoká škola ekonomická v Bratislave. Obchodná fakulta